Vista normal
Vista MARC
Entrada Materia (tema)
Número de registros utilizados en: 1
001 - CONTROL NUMBER
- control field: 99712
003 - CONTROL NUMBER IDENTIFIER
- control field: Co-BoUCM
005 - DATE AND TIME OF LATEST TRANSACTION
- control field: 20200203093820.0
008 - FIXED-LENGTH DATA ELEMENTS
- fixed length control field: 200203|| aca||aabn | a|a d
040 ## - CATALOGING SOURCE
- Original cataloging agency: Co-BoUCM
- Transcribing agency: Co-BoUCM
150 ## - HEADING--TOPICAL TERM
- Topical term or geographic name as entry element: Nueva granada
- General subdivision: Administración colonial
- Geographic subdivision: Siglo XVIII-XIX
670 ## - SOURCE DATA FOUND
- Source citation: Work cat.: (Co-BoUCM)317016: Frías Núñez, Marcelo 99711 1961-, Enfermedad y sociedad en la crisis colonial del antiguo régimen, 1992